[Event "CZE-chT2D 2223"]
[Site "Czech Republic"]
[Date "2023.01.22"]
[Round "7.8"]
[White "Pejrimovsky, Tadeas Rubel"]
[Black "Daniel, Jiri"]
[Result "1/2-1/2"]
[WhiteElo "1798"]
[BlackElo "1940"]
[PlyCount "26"]
[EventDate "2022.10.16"]
[EventType "team-tourn"]
[EventRounds "11"]
[EventCountry "CZE"]
[SourceTitle "EXT 2024"]
[Source "ChessBase"]
[SourceDate "2023.10.10"]
[SourceVersion "1"]
[SourceVersionDate "2023.10.10"]
[SourceQuality "1"]
[WhiteTeam "Chotebor"]
[BlackTeam "Rychnov nad Kneznou Panda"]
[WhiteTeamCountry "CZE"]
[BlackTeamCountry "CZE"]

1. e4 d6 2. d4 g6 3. g3 Bg7 4. Bg2 Nd7 5. Ne2 c6 6. a4 e5 7. Nbc3 Ne7 8. 0-0 0-0 9. Kh1 exd4 10. Nxd4 d5 11. exd5 Nxd5 12. Nxd5 cxd5 13. Be3 Ne5 1/2-1/2